Computational Fluid Dynamics (CFD) of Chemical Processes (Record no. 32286)

MARC details
000 -LEADER
fixed length control field 00943nam a2200121Ia 4500
008 - FIXED-LENGTH DATA ELEMENTS--GENERAL INFORMATION
fixed length control field 220620s9999||||xx |||||||||||||| ||und||
245 #0 - TITLE STATEMENT
Title Computational Fluid Dynamics (CFD) of Chemical Processes
546 ## - LANGUAGE NOTE
Language note English[eng]
650 ## - SUBJECT ADDED ENTRY--TOPICAL TERM
Topical term or geographic name entry element computational fluid dynamics (CFD)||Eulerian continuum fluid||volume of fluid (VOF)||multiscale simulation||multiphase flow||multiphysics||chemical and biological processes||circulating fluidized bed riser||computational fluid dynamics||eulerian–eulerian||drag models||2D simulation||multi-tubular reactor||oxidative dehydrogenation (ODH)||reactor design||butadiene||multiscale modeling||liquid plunging jet||waste water treatment||VOF||void fraction||air entrainment||conjugate heat transfer||open-cell foams||structured reactors||volumetric heat sources||fluid properties||STAR-CCM+||dynamic operation
700 ## - ADDED ENTRY--PERSONAL NAME
Personal name Lim, Young-Il
856 ## - ELECTRONIC LOCATION AND ACCESS
Uniform Resource Identifier <a href="https://mdpi.com/books/pdfview/book/3412">https://mdpi.com/books/pdfview/book/3412</a>
942 ## - ADDED ENTRY ELEMENTS (KOHA)
Koha item type E-Books
Holdings
Withdrawn status Lost status Damaged status Not for loan Home library Current library Date acquired Total Checkouts Date last seen Price effective from Koha item type
        Kerala University of Digital Sciences, Innovation and Technology Knowledge Centre Kerala University of Digital Sciences, Innovation and Technology Knowledge Centre 20/06/2022   20/06/2022 20/06/2022 E-Books